| 000 | 00540nam a2200205Ia 4500 | ||
|---|---|---|---|
| 003 | GCL | ||
| 008 | 140319s9999 xx 000 0 eng d | ||
| 040 |
_aGCL / _cGCL |
||
| 082 | 0 | 4 |
_a005.13 _bV P |
| 100 | 1 | _aVIRGA | |
| 245 | 1 | 0 |
_aPREMIERS PAS EN INFORMATIQUE, NOUVELLE EDITION / _cVIRGA |
| 260 |
_a[S.N] : _bMARABOUT UNIVERSITE ، _c1994 |
||
| 300 | _a343 P | ||
| 490 |
_aMARABOUT _v0 |
||
| 650 | 0 | 4 | _aشعر الحرب |
| 650 | 0 | 4 | _aCOMPUTER SOFTWARE |
| 650 | 0 | 4 | _aالفقهاء |
| 650 | 0 | 4 | _aINFORMATION SCIENCE |
| 942 |
_2ddc _cBK |
||
| 999 |
_c22599 _d22599 |
||